<Les> diplomates négocier dans un monde chaotique
Salvato in:
| Altri autori: | |
|---|---|
| Natura: | Libro |
| Lingua: | francese |
| Pubblicazione: |
Paris
Éditions Autrement
2002
|
| Serie: | Collection Mutations
|
| Soggetti: | |
| Tags: |
Nessun Tag, puoi essere il primo ad aggiungerne!!
|
MARC
| LEADER | 00000nam a2200000 4500 | ||
|---|---|---|---|
| 001 | 0147030 | ||
| 005 | 20240226090545.2 | ||
| 020 | |a 2-7467-0197-9 | ||
| 022 | |a 0751-0144 | ||
| 041 | 0 | |a fre | |
| 044 | |a FR | ||
| 245 | 1 | 0 | |a <Les> diplomates |b négocier dans un monde chaotique |c dirigé par: Samy Cohen |
| 264 | 1 | |a Paris |b Éditions Autrement |c 2002 | |
| 300 | |a 182 s. | ||
| 490 | 1 | |a Collection Mutations | |
| 830 | 0 | |a Collection Mutations | |
| 610 | 2 | 0 | |a diplomacia |
| 610 | 2 | 0 | |a situácia politická |
| 610 | 2 | 0 | |a situácia hospodárska |
| 610 | 2 | 0 | |a vzťahy medzinárodné |
| 610 | 2 | 0 | |a svet |
| 610 | 2 | 0 | |a konflikty |
| 610 | 2 | 0 | |a vyjednávanie |
| 610 | 2 | 0 | |a diplomati |
| 700 | 1 | |a Cohen, Samy | |